Central Library OPAC University of Rajshahi

Lombard Street in war and reconstruction / (Record no. 3352)

MARC details
000 -LEADER
fixed length control field 01104nam a2200301 4500
001 - CONTROL NUMBER
control field 3352
003 - CONTROL NUMBER IDENTIFIER
rucl marc code UkOxU
005 - DATE AND TIME OF LATEST TRANSACTION
control field 20211208233721.0
008 - FIXED-LENGTH DATA ELEMENTS--GENERAL INFORMATION
fixed length control field 131218s1949 nyua b 000 0 eng
035 ## - SYSTEM CONTROL NUMBER
System control number (OCoLC)5903304
System control number (DLC) 49005454
040 ## - CATALOGING SOURCE
Original cataloging agency DLC
Transcribing agency MH
Modifying agency DLC
Language of cataloging eng
041 ## - LANGUAGE CODE
Language code of text/sound track or separate title eng
082 ## - DEWEY DECIMAL CLASSIFICATION NUMBER
Classification number 332
Author mark and year HIL
100 1# - MAIN ENTRY--PERSONAL NAME
Personal name Higgins, Benjamin Howard,
Dates associated with a name 1912-
9 (RLIN) 10535
245 10 - TITLE STATEMENT
Title Lombard Street in war and reconstruction /
Statement of responsibility, etc. Benjamin H. Higgins.
260 ## - PUBLICATION, DISTRIBUTION, ETC. (IMPRINT)
Place of publication, distribution, etc. New York :
Name of publisher, distributor, etc. Financial Research Program, National Bureau of Economic Research,
Date of publication, distribution, etc. 1949.
300 ## - PHYSICAL DESCRIPTION
Pagination vii, 108 p. :
Illustrations ill. ;
Size 23 cm.
490 1# - SERIES STATEMENT
Series statement Occasional paper / National Bureau of Economic Research ;
Volume/sequential designation 28
500 ## - GENERAL NOTE
General note "Complements [the author's] ... earlier essay, Canada's financial system in war."
504 ## - BIBLIOGRAPHY, ETC. NOTE
Bibliography, etc Includes bibliographical footnotes.
650 #0 - SUBJECT ADDED ENTRY--TOPICAL TERM
Topical term or geographic name as entry element Finance
Geographic subdivision Great Britain.
9 (RLIN) 2377
Topical term or geographic name as entry element World War, 1939-1945
General subdivision Finance
Geographic subdivision Great Britain.
9 (RLIN) 10536
830 #0 - SERIES ADDED ENTRY--UNIFORM TITLE
Volume number/sequential designation 28
Uniform title Occasional paper (National Bureau of Economic Research) ;
942 ## - ADDED ENTRY ELEMENTS (KOHA)
Source of classification or shelving scheme Dewey Decimal Classification
Koha item type Books
Holdings
Lost status Source of classification or shelving scheme Damaged status Not for loan Collection code Permanent Location Current Location Shelving location Date acquired Source of acquisition Total Checkouts Full call number Date last seen Copy number Koha item type
  Dewey Decimal Classification   Not For Loan Non-fiction Central Library, University of Rajshahi Central Library, University of Rajshahi Reading Room 10/11/2016 Author   332 HIL 1949 18/12/2013 C-1 Books